000 00619cab a2200217 4500
001 WB3423-45
008 090401t1998 xxu||||| |||| 00| 0 eng d
035 _a(Sirsi) u86844
041 _aeng
245 _aSubject to contract
260 _c1998
350 _a0
490 _aEstates Gazette
_v(9824) 13 June 1998, 1&2(2)
520 _aDiscusses the enforceability of `subject to contract ` in the light of "Farah v Moody" when negotiating leases.
650 _aLEASES
650 _aNEGOTIATION
650 _aSUBJECT TO CONTRACT
690 _aPROPERTY LAW AND PRACTICE
942 _n0
948 _c16/06/1998
999 _c54687
_d54687